5 Risposte in 15 Secondi: Capitali Sud Americane - Statistics

Statistiche generali
  • Questo quiz è stato fatto 80 volte
  • Il punteggio medio è 4 su 5
Statistiche sulle risposte
Stato Capitale % Corretto
Venezuela Caracas
94%
Cile Santiago
92%
Perù Lima
89%
Brasile Brasilia
87%
Bolivia La Paz / Sucre
80%
Uruguay Montevideo
76%
Argentina Buenos Aires
74%
Colombia Bogotà
72%
Ecuador Quito
70%
Paraguay Asunción
67%
Suriname Paramaribo
64%
Guyana Georgetown
29%
Nessun quiz corrispondente trovato
Distribuzione punteggi
Percentuale di utenti per punteggio
Percentile per numero di risposta
I tuoi punteggi nel tempo
Non hai fatto questo quiz